On This Day (April 4th) Multiple Choice - Statistics

General Stats
  • This quiz has been taken 17 times
  • The average score is 5 of 15
Answer Stats
Question Answer % Correct
1958 – Which famous symbol is displayed in public for the first time in London ? CND Peace Symbol
77%
1812 – United States President James Madison enacts a ninety-day embargo on trade with which nation ? United Kingdom
69%
1841 – William Henry Harrison becomes the first President of the United States to die in office, when he passes due to what ailment ? Pneumonia
62%
1818 – The US Congress, adopts the flag of the United States with 13 red and white stripes and how many stars ? 20
46%
2012 – Which animal internet sensation was born on this day ? Grumpy Cat
46%
1984 – President Ronald Reagan calls for an international ban on what ? Chemical Weapons
31%
1981 - 26th Eurovision Song Contest: Bucks Fizz for the United Kingdom wins singing "Making Your Mind Up" in which city ? Dublin
31%
1944 – World War II: The First bombardment by Anglo-American forces of what type of installations occurs in Bucharest ? Oil Refineries
31%
1887 – Which US city elects Susanna M. Salter as the first female mayor in the United States ? Argonia, Kansas
15%
1147 – Moscow is mentioned for the first time in an historical record, when it is named as a meeting place for two what ? Princes
15%
1966 - Pirate station "Radio Scotland" changes its name to what ? Radio Ireland
15%
1460 – Which University is founded ? Basel, Switzerland
8%
1933 – U.S. Navy airship USS Akron is wrecked off the New Jersey coast due to what reason ? Severe Weather
8%
1873 – Which famous club is founded, the oldest and the first official club of its kind ? The Kennel Club
8%
1972 - The first electric power plant fueled by what begins operating ? Garbage Waste
0%
No matching quizzes found
Score Distribution
Percent of People with Each Score
Percentile by Number Answered
Your Score History
You have not taken this quiz